000
00305nam a22001337a 4500
008
170310b xxu||||| |||| 00| 0 eng d
020
_a
9781605470771
041
_a
eng
080
_2
10 ED
_a
616.5
100
_a
7
101
_a
SHM
245
_a
SAUERS MANUAL OF SKIN DISEASES
_c
HALL.B.J
942
_2
udc
_c
BK
999
_c
7487
_d
7487